Départements aux communes les plus étendues - Statistiques

Statistiques générales
  • Ce quiz a été pris 16 fois
  • Le résultat moyen est 10 sur 17
Statistiques - réponses
Indice Réponse % Correct
16 Gironde
91%
17 Landes
82%
6 Bouches-du-Rhône
73%
5 Loire-Atlantique
73%
6 Aveyron
64%
20 Guyane
64%
8 Hautes-Alpes
64%
12 Alpes-de-Haute-Provence
55%
7 Calvados
55%
8 Savoie
55%
6 Var
55%
6 Corse-du-Sud
45%
10 La Réunion
45%
8 Lozère
45%
17 Maine-et-Loire
45%
5 Hautes-Pyrénées
36%
7 Haute-Corse
27%
Aucun quiz correspondant
Distribution des résultats
% des personnes avec chaque résultat
Percentile par nombre de réponses
Votre historique - résultats
Vous n’avez pas pris ce quiz